000 00512nam a2200193Ia 4500
003 OSt
005 20230502105855.0
008 210423s2003 xx 000 0 und d
020 _a8186062327
040 _cAL
041 _aeng
082 _a502 CHAM
245 _aChambers dictionary of science and technology.
260 _aMumbai
_bAffiliated East West Press Ltd
_c2003
300 _axviii,1325
_bHB
365 _b425
_cINR
906 _aChambers ; dictionary ; science ; technology.
942 _2ddc
_cBK
999 _c162954
_d162954